Social Pharmacy (Record no. 11586)
[ view plain ]
| 000 -LEADER | |
|---|---|
| fixed length control field | 00408nam a22001817a 4500 |
| 003 - CONTROL NUMBER IDENTIFIER | |
| control field | OSt |
| 008 - FIXED-LENGTH DATA ELEMENTS--GENERAL INFORMATION | |
| fixed length control field | 221115b ||||| |||| 00| 0 eng d |
| 020 ## - INTERNATIONAL STANDARD BOOK NUMBER | |
| International Standard Book Number | 9781543345353 |
| 082 ## - DEWEY DECIMAL CLASSIFICATION NUMBER | |
| Classification number | 615.1 KHS |
| 100 ## - MAIN ENTRY--PERSONAL NAME | |
| Personal name | KHURANA,SPS |
| 245 ## - TITLE STATEMENT | |
| Title | Social Pharmacy |
| 250 ## - EDITION STATEMENT | |
| Edition statement | ED |
| 260 ## - PUBLICATION, DISTRIBUTION, ETC. (IMPRINT) | |
| Place of publication, distribution, etc | New Delhi |
| Name of publisher, distributor, etc | S.Vikas |
| Date of publication, distribution, etc | 2022 |
| 300 ## - PHYSICAL DESCRIPTION | |
| Extent | 196 |
| 650 ## - SUBJECT ADDED ENTRY--TOPICAL TERM | |
| Topical term or geographic name as entry element | Social Pharmacy |
| 700 ## - ADDED ENTRY--PERSONAL NAME | |
| Personal name | SINGH,Jasbir |
| 942 ## - ADDED ENTRY ELEMENTS (KOHA) | |
| Source of classification or shelving scheme | Dewey Decimal Classification |
| Koha item type | Text Books |
| 942 ## - ADDED ENTRY ELEMENTS (KOHA) | |
| -- | 3 |
| Withdrawn status | Lost status | Source of classification or shelving scheme | Damaged status | Not for loan | Collection code | Home library | Current library | Date acquired | Source of acquisition | Currency | Cost, normal purchase price | Bill Number | Total Checkouts | Full call number | Acc. no. / Barcode | Date last seen | Actual Cost, discounted price | Bill Date | Koha item type | Date last borrowed |
|---|---|---|---|---|---|---|---|---|---|---|---|---|---|---|---|---|---|---|---|---|
| Dewey Decimal Classification | Diploma in Pharmacy | PIET C-LIBRARY | PIET C-LIBRARY | 01/11/2022 | Kirti Praskshan | IN Rupees | 265.00 | IN1359 | 615.1 KHS | DP1108 | 15/11/2022 | 206.70 | 01/11/2022 | Text Books | ||||||
| Dewey Decimal Classification | Diploma in Pharmacy | PIET C-LIBRARY | PIET C-LIBRARY | 01/11/2022 | Kirti Praskshan | IN Rupees | 265.00 | IN1359 | 7 | 615.1 KHS | DP1109 | 22/01/2025 | 206.70 | 01/11/2022 | Text Books | 15/01/2025 | ||||
| Dewey Decimal Classification | Diploma in Pharmacy | PIET C-LIBRARY | PIET C-LIBRARY | 01/11/2022 | Kirti Praskshan | IN Rupees | 265.00 | IN1359 | 9 | 615.1 KHS | DP1110 | 07/01/2025 | 206.70 | 01/11/2022 | Text Books | 17/12/2024 | ||||
| Dewey Decimal Classification | Diploma in Pharmacy | PIET C-LIBRARY | PIET C-LIBRARY | 01/11/2022 | Kirti Praskshan | IN Rupees | 265.00 | IN1359 | 9 | 615.1 KHS | DP1111 | 22/01/2025 | 206.70 | 01/11/2022 | Text Books | 15/01/2025 | ||||
| Dewey Decimal Classification | Diploma in Pharmacy | PIET C-LIBRARY | PIET C-LIBRARY | 01/11/2022 | Kirti Praskshan | IN Rupees | 265.00 | IN1359 | 5 | 615.1 KHS | DP1112 | 30/07/2024 | 206.70 | 01/11/2022 | Text Books | 15/07/2024 | ||||
| Dewey Decimal Classification | Diploma in Pharmacy | PIET C-LIBRARY | PIET C-LIBRARY | 01/11/2022 | Kirti Praskshan | IN Rupees | 265.00 | IN1359 | 7 | 615.1 KHS | DP1113 | 28/06/2024 | 206.70 | 01/11/2022 | Text Books | 17/06/2024 | ||||
| Dewey Decimal Classification | Diploma in Pharmacy | PIET C-LIBRARY | PIET C-LIBRARY | 01/11/2022 | Kirti Praskshan | IN Rupees | 265.00 | IN1359 | 9 | 615.1 KHS | DP1114 | 16/01/2025 | 206.70 | 01/11/2022 | Text Books | 15/01/2025 | ||||
| Dewey Decimal Classification | Diploma in Pharmacy | PIET C-LIBRARY | PIET C-LIBRARY | 01/11/2022 | Kirti Praskshan | IN Rupees | 265.00 | IN1359 | 8 | 615.1 KHS | DP1115 | 19/05/2025 | 206.70 | 01/11/2022 | Text Books | 05/05/2025 | ||||
| Dewey Decimal Classification | Diploma in Pharmacy | PIET C-LIBRARY | PIET C-LIBRARY | 01/11/2022 | Kirti Praskshan | IN Rupees | 265.00 | IN1359 | 5 | 615.1 KHS | DP1116 | 05/11/2024 | 206.70 | 01/11/2022 | Text Books | 25/10/2024 | ||||
| Dewey Decimal Classification | Diploma in Pharmacy | PIET C-LIBRARY | PIET C-LIBRARY | 01/11/2022 | Kirti Praskshan | IN Rupees | 265.00 | IN1359 | 13 | 615.1 KHS | DP1117 | 16/01/2025 | 206.70 | 01/11/2022 | Text Books | 06/01/2025 |